| 000 | 00771nam a22002297a 4500 | ||
|---|---|---|---|
| 003 | OSt | ||
| 005 | 20220107122721.0 | ||
| 008 | 130821b xxu||||| |||| 00| 0 eng d | ||
| 020 | _a9780763776190 | ||
| 020 | _a076377619X (pbk.) | ||
| 040 | _cIIITM-K | ||
| 082 | _a371.3344678 BRO/S | ||
| 245 | 0 | 0 |
_aSuccessful online learning : _bmanaging the online learning environment efficiently and effectively _cedited by Theresa A. Middleton Brosche, Michelle Feavel |
| 260 |
_aUSA, _bJones and Bartlett, _c2011. |
||
| 300 | _axiii, 205p. | ||
| 650 | 0 |
_aDISTANCE EDUCATION _92025 |
|
| 650 | 0 |
_aEDUCATIONAL TECHNOLOGY _92026 |
|
| 650 | 0 |
_aWEB BASED INSTRUCTION _92027 |
|
| 700 | 1 |
_aBrosche, Theresa Ann Middleton _92028 |
|
| 700 | 1 |
_aFeavel, Michelle _92029 |
|
| 942 |
_2ddc _cBK |
||
| 999 |
_c3274 _d3274 |
||